[Event "Morelia/Linares 23rd"]
[Site "Morelia/Linares"]
[Date "2006.03.08"]
[Round "12"]
[White "Vallejo Pons, Francisco"]
[Black "Radjabov, Teimour"]
[Result "1/2-1/2"]
[WhiteElo "2650"]
[BlackElo "2700"]
[Annotator "CB"]
[PlyCount "90"]
[EventDate "2006.02.18"]
[EventType "tourn"]
[EventRounds "14"]
[EventCountry "ESP"]
[EventCategory "20"]
[SourceTitle "CBM 112"]
[Source "ChessBase"]
[SourceDate "2006.06.07"]
[SourceVersion "1"]
[SourceVersionDate "2006.06.07"]
[SourceQuality "1"]

1. e4 c5 2. Nf3 Nc6 3. Nc3 e5 4. Bc4 Be7 5. d3 {This quiet system of
developing is not without poison. What better proof of that could we have than
the fact that Kasparov ended his carrier as an active player by losing to
Topalov in this same variation (actually, the place was same, too: Linares
2005). We shall see that in spite of a long manoeuvring phase, this game will
get quite lively at a certain point.} Nf6 6. Nd5 ({The immediate occupation of
this central square is by far not the only possible continuation.} 6. Nd2 {
followed by Nf1-e3 is more flexible but rather time consuming,}) ({while the
early attacking operation} 6. Ng5 O-O 7. f4 {can lead to very animated play.})
6... d6 7. Nxf6+ ({Generally speaking, this looks like a small concession. The
immediate} 7. c3 {is more common. However, in such a closed position, such
nuances are of less significance; in caseof} Nxd5 8. Bxd5 {followed by an
eventual ...Be6 play could more or less transpose to the game.}) 7... Bxf6 8.
c3 O-O 9. O-O Rb8 {#Black can be more or less satisfied with the result of the
opening. The white knight is quite far from the d5-square, while the bishop
alone cannot take advantage of this relative weakness.} 10. a4 b6 11. Re1 Be6
12. Bxe6 ({This exchange consolidates Black's structure in the centre and
opens the f-file for counterplay. On the other hand, White did not dispose
over favourable methods of maintaining the tension. For instance} 12. Nd2 {
would allow the activation of the dark-squared bishop with} Bg5) ({while a
neutral move like} 12. Be3 {can be met by} d5) 12... fxe6 13. b4 {The e6-pawn
cannot be considered a weakness at this stage of the game, but its temporary
lack of defence allows White carry out this thematic pawn break without prior
preparation.} Qd7 14. Bd2 Kh8 15. h3 Rf7 {#Black declares his intentions of
starting a king side attack.} 16. a5 ({The structural modifications induced by
this move will lead to a double edged situation. The plan of blocking Black's
queen side pawns on dark squareswith} 16. b5 Ne7 17. c4 {is no without risks,
because it gives Black free hands on the opposite wing. After} Ng6 18. a5 Rbf8
19. axb6 axb6 20. Ra6 Bd8 {Black's co nterplay looks very dangerous. The
threat ...Rxf3 followed by ...Nh4 is not easy to parry, while White's queen
side attack is in an incipient phase still.}) 16... b5 17. a6 $5 {It is hard
to give a definitive evaluation to this daring advance of the a-pawn.
According to the circumstances, either of the a7- and a6-pawns can become weak.
Given the closed character of the position, the weakness of the white pawn
seems more realistic for the time being, but we shall soon see that there are
several other factors that influence the evaluation of the position.} cxb4 18.
cxb4 Bd8 $1 {Black immediately takes advantage of one of the side effects of
White's 17th move: the b6-square became available to the traditionally passive
bishop.} 19. Qe2 Bb6 20. Rab1 Rbf8 21. Be3 Qd8 $6 ({This is the start of a
risky plan. Radjabov intends to transfer the queen to b6 in order to attack
the a6-pawn, but in doing so he neglects the defence of the e6-pawn. Black had
a harmonious development of pieces, with just one exception: his knight is
both retsricted in his actions and vulnerable. From this point of view, a
logical continuation would have been} 21... Bxe3 22. fxe3 ({White has to
maintain the d4-square well defended. In case of} 22. Qxe3 $2 {Black could
reply with} Rxf3 23. gxf3 Nd4 {with a strong attack.}) 22... Ne7 $1 23. d4 {
(If White refrains from advancing his d-pawn, Black could play ...d5 himself,
after defending the e5-pawn with the planned ...Ng6)} exd4 ({Black has to give
up the centre because the immediate} 23... Ng6 {would be strongly met by} 24.
Ng5 Rf6 25. d5 {followed by the occupation of the e6-square.}) 24. exd4 Ng6 {
. Black has achieved a perfect regroupment. The queen defends the weak b5- and
e6-pawns, while the other pieces put serious pressure on White's king side. We
can also notice that the exchange on d4 has made the f4-square available for
the knight.}) 22. Rec1 Bxe3 23. fxe3 Qb6 {#This is the position Black had been
aiming for, but he might have underestimated White's 25th move.} 24. Ng5 Rf6 ({
In case of the apparently more active} 24... Rf2 {White could take advantage
of the weakness of the eighth rank with} 25. Rf1 $1 {neutralising Black's
initiative and leaving him with similar problems as in the game.}) 25. Rf1 $1 {
Such simple moves are easy to overlook: the rook had just moved leftwards
couple of moves ago. Suddenly, it appers that Black has problems defending the
e6-pawn; Nxe6 is a threat.} Qd8 {Black has to admit the failure of his plan.
The time spent on moving around with his queen allows White take over the
initiative.} 26. Qg4 ({Vallejo chooses to play simple chess.} 26. d4 exd4 27.
Qxb5 {would have been amore interesting but not necessarily better possibility.
Black's queen side would have been very vulnerable, but the position would
have remained complicated.}) 26... Rxf1+ 27. Rxf1 Rxf1+ 28. Kxf1 Qf6+ 29. Ke2 {
In order to defend his e6-pawn, Black had to allow the centralisation of the
white king. Soon, he will be forced to make further concessions.} Nd8 30. Qh5
$1 Qg6 {Black has to allow his king side pawns to get doubled. Their weakness
will be even more significant than that of the e-pawns.} 31. Qxg6 hxg6 {
#This must been the type of position Vallejo was dreaming of when he pushed
his pawn to a6. In knight endings the advantage of space can be a determining
factor, especially in those cases when one of the knights is passive. Although
this is not very obvious yet, White's king has better possibilities of further
centralisation than Black's.} 32. d4 $1 {A simple move with devastating effect.
White threatens to advance his d-pawn even further, in order to leave the
black knight in a desperately passive position.} exd4 ({There is some sort of
paradox here: in spite of having his king far away from the centre, it is
Black who has to open the position, in order to prevent White from completely
blocking it with d5! Here is what could have happened if Black had ignored the
tension in the centre:} 32... Kg8 33. d5 $1 Kf8 (33... exd5 {would be very bad
at this stage, because after} 34. exd5 {the white knight would obtain the
e4-square, making the b5- and a7-pawns easy targets.}) 34. Kf3 Ke7 35. Kg4 Kd7
36. h4 {After having strengthened his kind side position to the maximum, White
already threatens to transpose to a winning pawn ending by a double capture on
e6. Therefore, Black has to release the tension with} exd5 37. exd5 {but this
would lead to an equally hopeless position. Besides the aforementioned threat
Ne4-c3, White can open the king side as well, by advancing his h-pawn.
Obviously, Black's king would be unable to defend both wings at the same time.}
) ({The immediate activation of the knight with} 32... Nc6 {would have also
failed to solve Black's problems. After} 33. Nxe6 Nxb4 34. Nc7 Kg8 35. Nxb5
Nxa6 36. Nxd6 Nb8 37. Kd3 {White has every chance to win. We can appreciate
now Vallejo's power of anticipation when he advanced his a-pawn to a6. Black's
weaknesses (a7, b5, d6) are placed at the distance of one knight's step,
making their capture easy and pleasant.}) 33. exd4 d5 {#} ({In spite of the
modification of the central structure, the threat remains just as dangerous as
one move ago.After} 33... Kg8 34. d5 $1 Kf8 {White can take advantage of the
availability of the d4-square with the unexpected knight retreat} 35. Nf3 $1 {
threatening Nd4. Black would be forced to lose a decisive tempo with} e5 {
when after} 36. Nd2 {followed by Nb1-c3, White would be just in time to start
the harvest.}) 34. Kd3 $2 ({Only time trouble can explain such a way of
throwing away the considerable advantage accumulated by subtle play.
Everything ws prepared for the king's marching in via e5:} 34. Ke3 $1 Kg8 ({
Vallejo must have thought that} 34... Nc6 {wold offer Black counterplay.
However, with such a difference between the kings' activity, White should win
after, for instance,} 35. Nxe6 Nxb4 36. Nc7) 35. Kf4 Kf8 36. exd5 ({If White
does not feel like helping Black to get rid of his weak e6-pawn so easily, he
can also try} 36. Ke5 dxe4 37. Nxe4 Ke7 {but now he would have to exchange the
remaining central pawns anyway with} 38. d5 {in order to open the king's
access to the queen side. White's advantage of space would be decisive.}) 36...
exd5 37. Ke5 Nc6+ 38. Kd6 $1 {The d5-pawn will be there all the time. For the
moment, it is important to save the own a6-pawn.} Nxb4 39. Ne6+ Kf7 40. Nc7 {
followed by Kc5 with an obviously winning position.}) 34... Kg8 35. h4 ({
Even now, after having lost a tempo, White would maintain some chances with} 
35. Ke3) 35... Kf8 36. exd5 exd5 37. Kc3 Ke7 38. Nf3 Kf6 {#Black has finally
activated his king and has nothing to fear already.} 39. Ne5 ({This move leads
to unnecessary complications.} 39. g4 {would have more or less blocked the
position, with an obvious draw.}) 39... g5 40. h5 Kf5 41. Kd3 Kf4 42. Ng6+ Kg3
43. Ne7 Kxg2 44. Nxd5 Kf3 45. Ne7 g4 {#} ({From the spectator's point of view,
it is a bit frustrating that a draw was agreed in such an interesting moment.
Even Fritz 9 seems to be asking himself in disbelief: "Isn't Black just
winning a knight in a couple of moves?" The following variation proves that,
objectively speaking, the players' decision was entirely correct.} 45... g4 46.
Nf5 g3 47. d5 g2 48. Nh4+ Kf2 49. Nxg2 Kxg2 50. Ke4 ({The hurried} 50. d6 $2 {
would lose the pawn after} Nf7 51. d7 Ne5+) 50... Kg3 51. Kf5 {(White
activates his king by restricting the enemy king in his actions)} Kh4 52. Kg6
Kg4 53. Kxg7 Kxh5 54. Kf6 {Same method again. In order to save his kingdom,
Black has to give his trappedknight away.} Kg4 55. Ke7 Kf5 56. Kxd8 Ke5 57. Kc7
Kxd5 58. Kb7 Kd6 59. Kxa7 {Finally, the a6-pawn seems to have free way.} Kc7 {
Not any more! The maximum what White can achieve is stalemate himself.})
1/2-1/2

[Event "Morelia/Linares 23rd"]
[Site "Morelia/Linares"]
[Date "2006.03.10"]
[Round "13"]
[White "Radjabov, Teimour"]
[Black "Svidler, Peter"]
[Result "1-0"]
[WhiteElo "2700"]
[BlackElo "2765"]
[Annotator "Huebner,R"]
[PlyCount "81"]
[EventDate "2006.02.18"]
[EventType "tourn"]
[EventRounds "14"]
[EventCountry "ESP"]
[EventCategory "20"]
[SourceTitle "CBM 112"]
[Source "ChessBase"]
[SourceDate "2006.06.07"]
[SourceVersion "1"]
[SourceVersionDate "2006.06.07"]
[SourceQuality "1"]

{[%mdl 1]} 1. d4 d5 2. c4 c6 3. Nc3 Nf6 4. Nf3 dxc4 5. a4 e6 6. e3 c5 7. Bxc4
Nc6 8. O-O cxd4 9. exd4 Be7 10. Bg5 O-O 11. Re1 h6 $6 {Das hat bisher noch
keiner gewagt; die Schwächung des Königsflügels ist ernsthaft. Es folgen
einige Beispiele mit anderen Zügen:} (11... Bd7 12. Qe2 (12. Rc1 Rc8 13. Ba2
Nb4 14. Bb1 Bc6 15. Ne5 g6 16. h4 Nbd5 17. Qd2 Nxc3 18. Rxc3 Qd5 19. Rg3 Rfd8
20. Rf3 Be8 21. Bxf6 Bxf6 22. Rxf6 Qxd4 23. Qg5 Qd2 24. Qxd2 Rxd2 25. b3 Rcd8
26. Rf3 Kg7 27. Rfe3 R2d4 28. g3 Rb4 29. Rc3 Rd5 30. Bc2 Kf6 31. f4 Rd2 32. Nf3
Rd6 33. Be4 a5 34. Kf2 b5 35. axb5 Rxb5 36. Ra1 Rb4 37. Bc2 Rd5 38. Ke3 h6 39.
Be4 Rdb5 40. Nd4 Rb8 41. Rxa5 Rd8 42. Rc4 {1-0 Van Wely,L-Kramnik,V/Monte
Carlo 2005/CBM 105 ext (42).}) 12... Re8 13. Rad1 Nd5 14. Bxd5 exd5 15. Bxe7
Rxe7 16. Ne5 Nb4 17. Qd2 {1/2-1/2 Ehlvest,J-Morovic Fernandez,I/Mallorca 2004/
CBM 104 (17).}) (11... Nb4 12. a5 Bd7 13. Ne5 Bc6 14. Qb3 Nfd5 15. Bxe7 Qxe7
16. a6 Nb6 17. Nxc6 bxc6 18. d5 cxd5 19. Bxd5 N6xd5 20. Nxd5 Nxd5 21. Qxd5 $11
{1/2-1/2 Tao,T-Nguyen Thu Giang/The Kaf 2001/EXT 2004 (59). (58)}) 12. Bf4 Nb4
$6 ({In Betracht kommt} 12... Nd5 13. Bxd5 (13. Nxd5 exd5 14. Bd3 Bg4 15. Bb1
Nb4 {sieht befriedigend für Schwarz aus.}) 13... exd5 14. Qb3 Bb4 {. Dann geht
Schwarz jedenfalls nicht matt.}) 13. Qd2 {Jetzt kann Schwarz den Einschlag auf
h6 schon nicht mehr auf vernünftige Weise verhindern.} Bd7 (13... Re8 14. Ne5 {
(T. Radjabov, "Schach" 4/2006, S.24) läßt den Punkt f7 schutzbedürftig, und
außerdem muß Schwarz mit Lc4-b5 rechnen. Dennoch hätte ich dies wahrscheinlich
versucht.}) 14. Bxh6 Rc8 {Dieser Zug gewinnt auf jeden Fall ein Tempo gegenüber
} (14... gxh6 15. Qxh6 Re8 (15... Nh7 16. Re5 f5 17. Bxe6+ Kh8 18. Rae1 $16)
16. Re5 Ng4 17. Qh5 Nxe5 18. Nxe5 Rf8 19. Re1 {"mit durchschlagendem Angriff" 
(T. Radjabov, "Schach" 4/2006, S.24).}) 15. Bb3 gxh6 16. Qxh6 Nh7 $2 {Dies
führt zu einer Verluststellung. Als andere Möglichkeit gibt T. Radjabov nur 16.
..Re8 an; Weiß gewinnt analog der beim vorigen Zug angegebenen Varainte.} (
16... Nd3 {ist offenbar ungesund, weil der Zug dem Königsläufer des Weißen das
Feld c2 einräumt:} 17. Ng5 {ist von entscheidender Kraft.}) (16... Ng4 {
verdient dagegen ernsthaft Erwägung:} 17. Qf4 (17. Qh5 Nf6 {bringt den Weißen
nicht weiter.}) 17... f5 (17... Nxf2 {ist nicht besser.} 18. Qg3+ Kh8 (18...
Kh7 19. Qxf2 {führt zu einer hoffnungslosen Stellung für Schwarz.}) 19. Re5 f5
20. Kxf2 Nd3+ 21. Kf1 Nxe5 22. Nxe5 Rf6 23. d5 {Der Angriff des Weißen hat
große Kraft.}) 18. Rxe6 Kg7 19. Re2 {Weiß hat Vorteil, aber Schwarz verfügt
über bessere Rettungsaussichten als in der Partie.}) 17. Re5 f5 18. Rxe6 Bxe6
19. Bxe6+ Kh8 20. Bxc8 (20. Ne5 Rf6 21. Bxc8 (21. Ng6+ Rxg6 22. Qxg6 Rc6 23. d5
{ist ebenfalls stark.}) 21... Rxh6 22. Nf7+ Kg7 23. Nxd8 Bxd8 24. Bxf5 {
dürfte zu einem gewonnenen Endspiel führen. Der Textzug kommt aber auf
dasselbe hinaus.}) 20... Rf6 (20... Qxc8 21. Ne5 {ist nicht angenehmer für
Schwarz.}) 21. Qh5 (21. Ng5 Rxh6 22. Nf7+ Kg7 23. Nxd8 Bxd8 24. Bxf5 {ist
wahrscheinlich besser.}) 21... Qxc8 22. Re1 Bf8 23. Ne5 Kg8 24. Qd1 (24. Qf3 $5
$16) 24... Ng5 $2 (24... Kh8 {bietet Aussichten auf Widerstand.}) 25. Qb3+ $2 (
25. Qc1 {gewinnt die Qualität und die Partie:} Nh7 26. Nd5 {usw.}) 25... Kg7 (
25... Kh7 {ist besser.}) 26. h4 (26. Nb5 {gewinnt noch einen Bauern, denn es
droht 27.Dg3 und 27.Sa7:.}) 26... Nf7 27. Ne2 Nxe5 28. dxe5 Rc6 (28... Rh6 {
bietet hier ausgezeichnete Rettungsaussichten.}) 29. Nf4 Be7 (29... Rc1 30.
Qg3+ Kh7 31. Rxc1 Qxc1+ 32. Kh2 Qc6 33. e6 {ist hoffnungslos für Schwarz.} Qe8
34. Qg5 {usw.}) 30. Qg3+ Kh7 31. Qf3 Qe8 32. g3 Qf7 $2 (32... Kg8 {bietet
Aussichten auf zähen Widerstand:} 33. e6 Nc2 34. Rd1 Nb4) (32... Nc2 33. Rd1
Nb4 {ist ähnlich, doch hängen f5 und manchmal auch b7 mit Schach.}) 33. e6 Qf6
(33... Qe8 34. Re5 Rc5 35. Rxc5 Bxc5 36. Qxb7+ {führt auf die Dauer auch zum
Verlust.}) 34. Qh5+ Kg8 (34... Kg7 35. Qe8 Qf8 36. Qd7 {ist ebenfalls
hoffnungslos.}) 35. Qe8+ Qf8 36. Qg6+ Qg7 ({Auf} 36... Kh8 {folgt am
einfachsten} 37. Qf7 Qxf7 38. exf7 Bf8 39. Ne6 Rc8 40. Re5 {, und Weiß gewinnt.
}) 37. Qxf5 Rc5 38. Qe4 Nc6 39. Nd5 Qxb2 40. Qf5 Rc1 41. Nxe7+ 1-0

[Event "RUS-chT 13th"]
[Site "Sochi"]
[Date "2006.04.21"]
[Round "2"]
[White "Tiviakov, Sergei"]
[Black "Radjabov, Teimour"]
[Result "1/2-1/2"]
[WhiteElo "2669"]
[BlackElo "2717"]
[PlyCount "41"]
[EventDate "2006.04.20"]
[EventType "team-tourn"]
[EventRounds "11"]
[EventCountry "RUS"]
[SourceTitle "EXT 2020"]
[Source "ChessBase"]
[SourceDate "2019.10.17"]
[SourceVersion "1"]
[SourceVersionDate "2019.10.17"]
[SourceQuality "1"]
[WhiteTeam "Sankt Petersburg FINEK"]
[BlackTeam "Kazan Ladya"]
[WhiteTeamCountry "RUS"]
[BlackTeamCountry "RUS"]

1. e4 c5 2. c3 Nf6 3. e5 Nd5 4. Nf3 Nc6 5. d4 cxd4 6. cxd4 d6 7. Bc4 Nb6 8. Bb5
dxe5 9. Nxe5 Bd7 10. Nxd7 Qxd7 11. Nc3 Rd8 12. Be3 a6 13. Bxc6 Qxc6 14. O-O e6
15. Rc1 Nd5 16. Nxd5 Qxd5 17. Qa4+ Qd7 18. Qxd7+ Kxd7 19. d5 Bd6 20. dxe6+ Kxe6
21. Rfe1 1/2-1/2

[Event "RUS-chT 13th"]
[Site "Sochi"]
[Date "2006.04.27"]
[Round "8"]
[White "Grischuk, Alexander"]
[Black "Radjabov, Teimour"]
[Result "1/2-1/2"]
[WhiteElo "2719"]
[BlackElo "2717"]
[PlyCount "21"]
[EventDate "2006.04.20"]
[EventType "team-tourn"]
[EventRounds "11"]
[EventCountry "RUS"]
[SourceTitle "EXT 2020"]
[Source "ChessBase"]
[SourceDate "2019.10.17"]
[SourceVersion "1"]
[SourceVersionDate "2019.10.17"]
[SourceQuality "1"]
[WhiteTeam "Sverdlovsk Ural region"]
[BlackTeam "Kazan Ladya"]
[WhiteTeamCountry "RUS"]
[BlackTeamCountry "RUS"]

1. e4 c5 2. Nf3 Nc6 3. Bb5 e6 4. Bxc6 bxc6 5. d3 Ne7 6. Qe2 Qc7 7. O-O Ng6 8.
Ng5 e5 9. Qh5 d6 10. f4 h6 11. Nh3 1/2-1/2

[Event "RUS-chT 13th"]
[Site "Sochi"]
[Date "2006.04.28"]
[Round "9"]
[White "Radjabov, Teimour"]
[Black "Miton, Kamil"]
[Result "1-0"]
[WhiteElo "2717"]
[BlackElo "2646"]
[PlyCount "81"]
[EventDate "2006.04.20"]
[EventType "team-tourn"]
[EventRounds "11"]
[EventCountry "RUS"]
[SourceTitle "EXT 2020"]
[Source "ChessBase"]
[SourceDate "2019.10.17"]
[SourceVersion "1"]
[SourceVersionDate "2019.10.17"]
[SourceQuality "1"]
[WhiteTeam "Kazan Ladya"]
[BlackTeam "Meriya Moscow - Ulan-Ude"]
[WhiteTeamCountry "RUS"]
[BlackTeamCountry "RUS"]

1. e4 c5 2. Nf3 Nc6 3. d4 cxd4 4. Nxd4 Nf6 5. Nc3 d6 6. Bg5 e6 7. Qd2 a6 8.
O-O-O Bd7 9. f4 b5 10. Bxf6 gxf6 11. Nxc6 Bxc6 12. Qe3 Qe7 13. Bd3 Qa7 14. Qe1
Qc5 15. Kb1 Be7 16. f5 a5 17. fxe6 fxe6 18. Ne2 Qe5 19. Qf2 Qc5 20. Qxc5 dxc5
21. Nf4 Kf7 22. Be2 e5 23. Nd5 Rhd8 24. Rhf1 Rd6 25. c4 Bxd5 26. cxd5 c4 27.
Rf3 Rg8 28. Rh3 Rxg2 29. Rxh7+ Kf8 30. Bh5 Bd8 31. Bf3 Rf2 32. Bh5 Rg2 33. Rf7+
Kg8 34. Rb7 Bb6 35. Bf7+ Kh8 36. Be6 a4 37. Rf1 a3 38. bxa3 c3 39. Rf3 c2+ 40.
Kc1 Rxh2 41. Rg3 1-0

[Event "RUS-chT 13th"]
[Site "Sochi"]
[Date "2006.04.29"]
[Round "10"]
[White "Radjabov, Teimour"]
[Black "Aronian, Levon"]
[Result "1/2-1/2"]
[WhiteElo "2717"]
[BlackElo "2756"]
[PlyCount "31"]
[EventDate "2006.04.20"]
[EventType "team-tourn"]
[EventRounds "11"]
[EventCountry "RUS"]
[SourceTitle "EXT 2020"]
[Source "ChessBase"]
[SourceDate "2019.10.17"]
[SourceVersion "1"]
[SourceVersionDate "2019.10.17"]
[SourceQuality "1"]
[WhiteTeam "Kazan Ladya"]
[BlackTeam "Tomsk 400"]
[WhiteTeamCountry "RUS"]
[BlackTeamCountry "RUS"]

1. e4 e5 2. Nf3 Nc6 3. Bb5 a6 4. Bxc6 dxc6 5. O-O Bd6 6. d4 exd4 7. Qxd4 f6 8.
Be3 Ne7 9. Nbd2 Be6 10. Qc3 Qd7 11. Nd4 O-O-O 12. Nxe6 Qxe6 13. Qb3 Qxb3 14.
axb3 f5 15. Rad1 b5 16. exf5 1/2-1/2